Remote sensing and image interpretation

Đã lưu trong:
Bibliografiske detaljer
Hovedforfatter: Lillesand, Thomas M.
Format: Bog
Sprog:Undetermined
Udgivet: New Jersey Wiley 2004
Fag:
Tags: Tilføj Tag
Ingen Tags, Vær først til at tagge denne postø!
Thư viện lưu trữ: Trung tâm Học liệu Trường Đại học Cần Thơ
LEADER 00714nam a2200217Ia 4500
001 CTU_87589
008 210402s9999 xx 000 0 und d
020 |c 113.44 
082 |a 621.3678 
082 |b L729 
100 |a Lillesand, Thomas M. 
245 0 |a Remote sensing and image interpretation 
245 0 |c Thomas M. Lillesand, Ralph W. Kifer, Jonathan W. Chipman 
260 |a New Jersey 
260 |b Wiley 
260 |c 2004 
526 |a Tin học chuyên ngành quản lý đất đai,Hệ thống thông tin môi trường GIS và Viễn thám 
526 |b MT654,MTQ601 
650 |a Remote sensing 
904 |i Trúc 
980 |a Trung tâm Học liệu Trường Đại học Cần Thơ